[Event "19. Open de la Constitución 2017"]
[Site "San Sebastian de los Reyes ES"]
[Date "2017.12.09"]
[Round "8.28"]
[White "Villodre Miranda, Juan Alonso"]
[Black "Moreno Uribarri, Miguel"]
[Result "0-1"]
[WhiteElo "1552"]
[BlackElo "1582"]
[PlyCount "162"]
[EventDate "2017.12.02"]
[EventType "swiss"]
[EventRounds "9"]
[EventCountry "ESP"]
[SourceTitle "Ajedrez en Madrid"]
[Source "lmi"]
[SourceDate "2017.12.02"]
[SourceVersion "1"]
[SourceVersionDate "2017.12.16"]
[SourceQuality "1"]

1. c4 Nf6 2. Nc3 g6 3. e4 d6 4. g3 Bg7 5. Bg2 O-O 6. d3 c5 7. Nge2 Nc6 8. O-O
Bg4 9. f3 Bd7 10. h3 Qc8 11. Kh2 a6 12. a4 Rb8 13. g4 Qc7 14. Bf4 Na7 15. Rb1
b5 16. axb5 axb5 17. b3 bxc4 18. bxc4 Rxb1 19. Qxb1 Rb8 20. Qc2 Nc6 21. Rb1 Nb4
22. Qd2 Bc6 23. h4 h5 24. g5 Nd7 25. Nd5 Bxd5 26. cxd5 Ra8 27. Nc3 Qa5 28. Rc1
Qa3 29. Bf1 Ne5 30. Kg3 Na2 31. Nxa2 Qxa2 32. Rc2 Qb1 33. Rc1 Qb4 34. Qxb4 cxb4
35. Rb1 Rb8 36. Rb3 Nd7 37. Bd2 f6 38. Rxb4 Rxb4 39. Bxb4 fxg5 40. hxg5 Ne5 41.
Be2 Nf7 42. f4 Kf8 43. Bf1 Bd4 44. Bd2 Kg7 45. Bh3 Bb6 46. Be6 Bd4 47. Kh4 Bf2+
48. Kh3 Bd4 49. Kg2 Kf8 50. Kf3 Kg7 51. Be3 Bc3 52. Bxf7 Kxf7 53. f5 Bb4 54. d4
Ba3 55. Ke2 Bb4 56. Bf2 Ba3 57. Kd3 Bb4 58. Be3 Ba5 59. Bf4 Bb4 60. fxg6+ Kxg6
61. Ke2 Bc3 62. Be3 Bb4 63. Kf3 Bc3 64. Kf4 Bb4 65. e5 Ba3 66. Kf3 Bb4 67. Bf4
Ba3 68. Ke4 Bb4 69. Bc1 Ba5 70. e6 Be1 71. Ba3 Bd2 72. Bxd6 exd6 73. e7 Kf7 74.
e8=Q+ Kxe8 75. Kf5 Kf7 76. g6+ Kg7 77. Ke6 Bf4 78. Kf5 Bg3 79. Kg5 h4 80. Kg4
Kxg6 81. Kf3 Kf5 0-1

[Event "19. Open de la Constitución 2017"]
[Site "San Sebastian de los Reyes ES"]
[Date "2017.12.09"]
[Round "8.30"]
[White "Aragon Lopez, Hiria"]
[Black "Rial Rodriguez, Marta"]
[Result "0-1"]
[WhiteElo "1488"]
[BlackElo "1509"]
[PlyCount "120"]
[EventDate "2017.12.02"]
[EventType "swiss"]
[EventRounds "9"]
[EventCountry "ESP"]
[SourceTitle "Ajedrez en Madrid"]
[Source "lmi"]
[SourceDate "2017.12.02"]
[SourceVersion "1"]
[SourceVersionDate "2017.12.16"]
[SourceQuality "1"]

1. e4 c5 2. Nf3 d6 3. Bb5+ Bd7 4. Bxd7+ Qxd7 5. c4 Nc6 6. Nc3 g6 7. d4 cxd4 8.
Nxd4 Bg7 9. Be3 Nf6 10. h3 O-O 11. O-O a6 12. Qd2 Rac8 13. b3 b5 14. Rac1 Nxd4
15. Qxd4 bxc4 16. Na4 Qb5 17. Rxc4 Rxc4 18. Qxc4 Qxc4 19. bxc4 Nxe4 20. Re1 Nf6
21. c5 Rc8 22. Bd4 dxc5 23. Nxc5 e5 24. Rxe5 Ne8 25. Rxe8+ Rxe8 26. Bxg7 Kxg7
27. Nxa6 Ra8 28. Nb4 Ra4 29. a3 Rxa3 30. Nc2 Rd3 31. Ne3 f5 32. Kf1 f4 33. Ng4
Rd5 34. Ke2 g5 35. Kf1 Kg6 36. Ke2 h5 37. Nh2 Re5+ 38. Kf1 Kf5 39. Nf3 Re4 40.
Nh2 Re8 41. Nf3 Re7 42. Nd4+ Ke4 43. Nf3 Kf5 44. Nd4+ Ke4 45. Nf3 g4 46. hxg4
hxg4 47. Nh2 Kf5 48. Kg1 Re1+ 49. Nf1 f3 50. g3 Ke4 51. Kh2 Kd3 52. Ne3 Rxe3
53. fxe3 Kxe3 54. Kg1 Ke2 55. Kh2 f2 56. Kg2 f1=Q+ 57. Kh2 Qf7 58. Kg2 Qh7 59.
Kg1 Kf3 60. Kf1 Qh1# 0-1

[Event "19. Open de la Constitución 2017"]
[Site "San Sebastian de los Reyes ES"]
[Date "2017.12.09"]
[Round "8.31"]
[White "Criado Jimenez, Jose"]
[Black "Martin Rodriguez, Jose Luis"]
[Result "1-0"]
[WhiteElo "1615"]
[BlackElo "1293"]
[PlyCount "65"]
[EventDate "2017.12.02"]
[EventType "swiss"]
[EventRounds "9"]
[EventCountry "ESP"]
[SourceTitle "Ajedrez en Madrid"]
[Source "lmi"]
[SourceDate "2017.12.02"]
[SourceVersion "1"]
[SourceVersionDate "2017.12.16"]
[SourceQuality "1"]

1. Nf3 d5 2. c4 c6 3. d4 Nf6 4. Nc3 dxc4 5. a4 Bf5 6. e3 e6 7. Bxc4 Ne4 8. Nxe4
Bxe4 9. O-O Nd7 10. a5 a6 11. Nd2 Nf6 12. Nxe4 Nxe4 13. Qf3 Nf6 14. Rd1 Qc7 15.
e4 Be7 16. Bf4 Qc8 17. Rac1 O-O 18. d5 exd5 19. exd5 Qg4 20. Qxg4 Nxg4 21. dxc6
bxc6 22. Be2 Nf6 23. Rxc6 Bb4 24. Bd6 Bxd6 25. Rcxd6 Rfe8 26. Rxa6 Rab8 27. Rd2
Rbc8 28. f3 Rc1+ 29. Kf2 Kf8 30. Rad6 Ke7 31. b4 g5 32. g4 h5 33. h3 1-0

[Event "19. Open de la Constitución 2017"]
[Site "San Sebastian de los Reyes ES"]
[Date "2017.12.09"]
[Round "8.32"]
[White "Ojosnegros Martin, Angel"]
[Black "Perdiguero Herreros, Alejandro"]
[Result "0-1"]
[WhiteElo "1519"]
[BlackElo "1313"]
[PlyCount "120"]
[EventDate "2017.12.02"]
[EventType "swiss"]
[EventRounds "9"]
[EventCountry "ESP"]
[SourceTitle "Ajedrez en Madrid"]
[Source "lmi"]
[SourceDate "2017.12.02"]
[SourceVersion "1"]
[SourceVersionDate "2017.12.16"]
[SourceQuality "1"]

1. e4 e5 2. Nf3 Nc6 3. Bc4 Nd4 4. O-O Nxf3+ 5. Qxf3 Nf6 6. c3 d6 7. Na3 Bg4 8.
Qe3 Be7 9. Nc2 O-O 10. Re1 c6 11. d4 b5 12. Bf1 c5 13. d5 a6 14. h3 Bh5 15. b3
Bg6 16. f3 Qd7 17. Qe2 Rfb8 18. Be3 a5 19. Qf2 b4 20. cxb4 axb4 21. Reb1 Nxd5
22. exd5 Bxc2 23. Qxc2 Ra7 24. Bd3 g6 25. Bh6 Rba8 26. Re1 Bf6 27. Re4 Bh8 28.
g4 f5 29. gxf5 gxf5 30. Re2 e4 31. Rg2+ Kf7 32. Qc1 exd3 33. Rb1 Rxa2 34. Rxa2
Rxa2 35. Qg5 Bd4+ 36. Kh1 Bf6 37. Qh5+ Kg8 38. Re1 Ra1 39. Rxa1 Bxa1 40. f4 Qf7
41. Qg5+ Bg7 42. Qd8+ Qf8 43. Qg5 d2 44. Qg1 d1=Q 45. Qxd1 Bxh6 46. Qf3 Qg7 47.
Qe3 Qe5 48. Qg3+ Qg7 49. Qe3 Qa1+ 50. Kg2 Qb2+ 51. Kf1 Qb1+ 52. Kf2 Qe4 53.
Qxe4 fxe4 54. Ke3 Kf7 55. Kxe4 Kf6 56. h4 Bg7 57. h5 Bh6 58. Ke3 Kf5 59. Kf3
Bxf4 60. Ke2 Ke5 0-1

[Event "19. Open de la Constitución 2017"]
[Site "San Sebastian de los Reyes ES"]
[Date "2017.12.09"]
[Round "8.33"]
[White "Lozano Hernanz, Rodrigo"]
[Black "Mehalingam, Karunanithi"]
[Result "0-1"]
[WhiteElo "1242"]
[BlackElo "1490"]
[PlyCount "66"]
[EventDate "2017.12.02"]
[EventType "swiss"]
[EventRounds "9"]
[EventCountry "ESP"]
[SourceTitle "Ajedrez en Madrid"]
[Source "lmi"]
[SourceDate "2017.12.02"]
[SourceVersion "1"]
[SourceVersionDate "2017.12.16"]
[SourceQuality "1"]

1. e4 c5 2. Nf3 d6 3. Nc3 a6 4. a4 Nc6 5. Bc4 Nf6 6. d3 e6 7. Bg5 Be7 8. O-O
O-O 9. Qe2 Re8 10. Rad1 Qb6 11. Rb1 Bd7 12. Rfd1 Nd4 13. Nxd4 cxd4 14. Na2 Bxa4
15. Rdc1 Rac8 16. c3 Qa5 17. b3 Bd7 18. b4 Qxg5 19. cxd4 Ba4 20. Nc3 Bc6 21.
Nd1 d5 22. exd5 Bxd5 23. Ne3 b5 24. Bxd5 Rxc1+ 25. Rxc1 Nxd5 26. Re1 Nxb4 27.
Nc2 Rc8 28. Nxb4 Bxb4 29. Qb2 Bxe1 30. Qe2 Rc1 31. h3 Qf4 32. g3 Bxf2+ 33. Kg2
Qxg3# 0-1

[Event "19. Open de la Constitución 2017"]
[Site "San Sebastian de los Reyes ES"]
[Date "2017.12.10"]
[Round "9.1"]
[White "Hernando Pertierra, Jose C"]
[Black "Sosa, Tomas"]
[Result "1/2-1/2"]
[WhiteElo "2355"]
[BlackElo "2460"]
[PlyCount "96"]
[EventDate "2017.12.02"]
[EventType "swiss"]
[EventRounds "9"]
[EventCountry "ESP"]
[SourceTitle "Ajedrez en Madrid"]
[Source "lmi"]
[SourceDate "2017.12.02"]
[SourceVersion "1"]
[SourceVersionDate "2017.12.16"]
[SourceQuality "1"]

1. d4 Nf6 2. Nf3 c5 3. c3 b6 4. dxc5 bxc5 5. e4 Bb7 6. e5 Nd5 7. Bd3 Nc7 8. O-O
g6 9. Nbd2 Bg7 10. Nc4 Ne6 11. h4 O-O 12. h5 d5 13. exd6 exd6 14. Re1 Re8 15.
hxg6 hxg6 16. Ng5 d5 17. Nxe6 Rxe6 18. Rxe6 dxc4 19. Qe1 Qxd3 20. Re8+ Kh7 21.
f3 Qd5 22. Qh4+ Qh5 23. Qxh5+ gxh5 24. Be3 Nd7 25. Rxa8 Bxa8 26. Rd1 Bc6 27.
Rd6 Bb5 28. Rd5 Be5 29. f4 Bc7 30. Rxh5+ Kg7 31. g4 Bc6 32. Kf1 Bd6 33. Ke2 Be4
34. g5 Nf8 35. b3 cxb3 36. axb3 a5 37. b4 Bg6 38. Rh1 cxb4 39. cxb4 Bxb4 40.
Bd4+ f6 41. Ke3 Kf7 42. Bxf6 Ne6 43. Be5 Bc5+ 44. Kd2 Bb4+ 45. Ke3 Bc5+ 46. Kd2
Nd4 47. Kc3 Nc6 48. Kc4 Nxe5+ 1/2-1/2

[Event "19. Open de la Constitución 2017"]
[Site "San Sebastian de los Reyes ES"]
[Date "2017.12.10"]
[Round "9.2"]
[White "Martin Duque, Jesus"]
[Black "Roa Alonso, Santiago"]
[Result "1-0"]
[WhiteElo "2376"]
[BlackElo "2354"]
[PlyCount "113"]
[EventDate "2017.12.02"]
[EventType "swiss"]
[EventRounds "9"]
[EventCountry "ESP"]
[SourceTitle "Ajedrez en Madrid"]
[Source "lmi"]
[SourceDate "2017.12.02"]
[SourceVersion "1"]
[SourceVersionDate "2017.12.16"]
[SourceQuality "1"]

1. e4 d6 2. d4 Nf6 3. Nc3 c6 4. Nf3 Qa5 5. Bd3 e5 6. O-O Be7 7. h3 O-O 8. Re1
Nbd7 9. Bf1 b5 10. a4 b4 11. Nb1 Ba6 12. Bxa6 Qxa6 13. Bg5 Rfe8 14. Nbd2 h6 15.
Bh4 Bf8 16. Bxf6 Nxf6 17. dxe5 dxe5 18. Qe2 Qxe2 19. Rxe2 Nd7 20. Nb3 Nc5 21.
Nxc5 Bxc5 22. Rd1 Rad8 23. Red2 Rxd2 24. Nxd2 Bd4 25. Nc4 Re6 26. Kf1 h5 27.
Rd3 Re8 28. Ke2 f6 29. Rf3 Re6 30. Rb3 Bc5 31. Rd3 Bd4 32. f4 Re7 33. f5 h4 34.
Rb3 Bc5 35. Na5 Rc7 36. Kf3 g6 37. fxg6 Rg7 38. Ke2 Rxg6 39. Kf1 f5 40. exf5
Rg5 41. Rf3 Bd6 42. Nxc6 e4 43. Re3 Rxf5+ 44. Ke2 Rc5 45. Nd4 Re5 46. Nb3 Rg5
47. Rxe4 Rxg2+ 48. Kd3 Rg3+ 49. Re3 Rg2 50. Nd4 Bc5 51. Re4 Rg3+ 52. Kc4 Bxd4
53. Rxd4 Rxh3 54. Kxb4 Rh2 55. b3 Rxc2 56. Rxh4 Rc7 57. Rf4 1-0

[Event "19. Open de la Constitución 2017"]
[Site "San Sebastian de los Reyes ES"]
[Date "2017.12.10"]
[Round "9.3"]
[White "Robles Diaz, Jose Alberto"]
[Black "Perez Gonzalez, Jose Manuel"]
[Result "0-1"]
[WhiteElo "2136"]
[BlackElo "2226"]
[PlyCount "54"]
[EventDate "2017.12.02"]
[EventType "swiss"]
[EventRounds "9"]
[EventCountry "ESP"]
[SourceTitle "Ajedrez en Madrid"]
[Source "lmi"]
[SourceDate "2017.12.02"]
[SourceVersion "1"]
[SourceVersionDate "2017.12.16"]
[SourceQuality "1"]

1. Nf3 Nf6 2. g3 g6 3. Bg2 Bg7 4. c4 O-O 5. Nc3 d6 6. O-O Nc6 7. d4 a6 8. d5
Na5 9. Nd2 c5 10. Qc2 Rb8 11. Rb1 b5 12. b3 e5 13. dxe6 Bxe6 14. cxb5 axb5 15.
Rd1 d5 16. b4 cxb4 17. Rxb4 Qc7 18. Qd3 Bf5 19. e4 dxe4 20. Ndxe4 Nxe4 21. Nxe4
Rfd8 22. Qe2 Rxd1+ 23. Qxd1 Rd8 24. Qe1 Qc2 25. Bf3 Nc6 26. Bg5 Nxb4 27. Bxd8
Nd3 0-1

[Event "19. Open de la Constitución 2017"]
[Site "San Sebastian de los Reyes ES"]
[Date "2017.12.10"]
[Round "9.4"]
[White "Lianes Garcia, Marcos"]
[Black "Torres Boch, Jose F"]
[Result "1/2-1/2"]
[WhiteElo "2300"]
[BlackElo "2143"]
[PlyCount "49"]
[EventDate "2017.12.02"]
[EventType "swiss"]
[EventRounds "9"]
[EventCountry "ESP"]
[SourceTitle "Ajedrez en Madrid"]
[Source "lmi"]
[SourceDate "2017.12.02"]
[SourceVersion "1"]
[SourceVersionDate "2017.12.16"]
[SourceQuality "1"]

1. e4 c5 2. g3 Nc6 3. Bg2 Nf6 4. Ne2 d6 5. c3 Bg4 6. O-O Qd7 7. f3 Bh3 8. d4
Bxg2 9. Kxg2 cxd4 10. cxd4 d5 11. e5 Ng8 12. Nbc3 e6 13. a3 Nge7 14. b4 Nc8 15.
Na4 Nb6 16. Nxb6 axb6 17. Bb2 Be7 18. Qd3 O-O 19. f4 f5 20. exf6 Bxf6 21. Rae1
Ne7 22. Nc3 Nf5 23. Nb1 Rac8 24. Nd2 Rc7 25. Rc1 1/2-1/2

[Event "19. Open de la Constitución 2017"]
[Site "San Sebastian de los Reyes ES"]
[Date "2017.12.10"]
[Round "9.5"]
[White "Lozano Suarez, Luis Miguel"]
[Black "Bello Burguet, Glenier Lazaro"]
[Result "1-0"]
[WhiteElo "2163"]
[BlackElo "1917"]
[PlyCount "133"]
[EventDate "2017.12.02"]
[EventType "swiss"]
[EventRounds "9"]
[EventCountry "ESP"]
[SourceTitle "Ajedrez en Madrid"]
[Source "lmi"]
[SourceDate "2017.12.02"]
[SourceVersion "1"]
[SourceVersionDate "2017.12.16"]
[SourceQuality "1"]

1. c4 Nf6 2. g3 e6 3. Bg2 d5 4. Nf3 Be7 5. O-O O-O 6. Qc2 b6 7. d4 Bb7 8. Ne5
c6 9. Rd1 Nfd7 10. Nd2 Nxe5 11. dxe5 Nd7 12. Nf3 Rc8 13. h4 Qc7 14. Bf4 Rfd8
15. Rac1 dxc4 16. Qxc4 c5 17. Qc3 Nf8 18. h5 Rxd1+ 19. Rxd1 Rd8 20. Rc1 Qd7 21.
Qc2 Qb5 22. a3 Bd5 23. Re1 Qb3 24. Qc1 Qa4 25. Bg5 Qd7 26. Qf4 Bxf3 27. Bxe7
Qxe7 28. Bxf3 h6 29. Be4 Rd4 30. e3 Rd2 31. Rb1 Qd8 32. Kg2 Rd1 33. Rxd1 Qxd1
34. g4 Qd8 35. Kg3 Nd7 36. Bc6 Nf8 37. Qe4 Qd1 38. Kg2 Nh7 39. Ba4 Qd8 40. Bc2
Nf8 41. Bd3 Qg5 42. Kg3 Qd8 43. f4 Qd5 44. Qxd5 exd5 45. Bf5 Ne6 46. Bc2 Kf8
47. Kf3 Ke7 48. Ke2 Nc7 49. f5 b5 50. Kd3 f6 51. e6 Kd6 52. Bd1 Ke5 53. Bf3 Ne8
54. Kd2 Nd6 55. b3 a5 56. Be2 b4 57. a4 c4 58. bxc4 dxc4 59. Bf3 Nc8 60. e7
Nxe7 61. Bb7 Kd6 62. e4 Nc6 63. Bxc6 Kxc6 64. e5 fxe5 65. g5 Kd6 66. f6 g6 67.
gxh6 1-0

[Event "19. Open de la Constitución 2017"]
[Site "San Sebastian de los Reyes ES"]
[Date "2017.12.10"]
[Round "9.6"]
[White "Suarez Uriel, Adrian"]
[Black "Cabañas Bravo, Juan Andres"]
[Result "1-0"]
[WhiteElo "2402"]
[BlackElo "1910"]
[PlyCount "51"]
[EventDate "2017.12.02"]
[EventType "swiss"]
[EventRounds "9"]
[EventCountry "ESP"]
[SourceTitle "Ajedrez en Madrid"]
[Source "lmi"]
[SourceDate "2017.12.02"]
[SourceVersion "1"]
[SourceVersionDate "2017.12.16"]
[SourceQuality "1"]

1. e4 c5 2. Nf3 Qa5 3. g3 Nc6 4. Bg2 Qa6 5. Nc3 e6 6. d3 c4 7. d4 Nf6 8. O-O b5
9. e5 Nd5 10. Nxd5 exd5 11. Ng5 Ne7 12. Qf3 Qg6 13. h4 h5 14. c3 Bb7 15. a4 a6
16. axb5 axb5 17. Rxa8+ Bxa8 18. Be3 Nc8 19. Bh3 Be7 20. Ra1 Nb6 21. Bf5 Qc6
22. Nxf7 Rf8 23. Qxh5 Rxf7 24. Bg6 Qe6 25. Ra6 Bd8 26. Qh8+ 1-0

[Event "19. Open de la Constitución 2017"]
[Site "San Sebastian de los Reyes ES"]
[Date "2017.12.10"]
[Round "9.8"]
[White "Unciti Juan, Javier"]
[Black "Alfaya Marcelo, Roberto"]
[Result "0-1"]
[WhiteElo "2037"]
[BlackElo "2193"]
[PlyCount "70"]
[EventDate "2017.12.02"]
[EventType "swiss"]
[EventRounds "9"]
[EventCountry "ESP"]
[SourceTitle "Ajedrez en Madrid"]
[Source "lmi"]
[SourceDate "2017.12.02"]
[SourceVersion "1"]
[SourceVersionDate "2017.12.16"]
[SourceQuality "1"]

1. d4 Nf6 2. Bg5 Ne4 3. Bf4 c5 4. e3 d5 5. Nd2 Nxd2 6. Qxd2 Bf5 7. Bxb8 Rxb8 8.
Bb5+ Bd7 9. Bxd7+ Qxd7 10. dxc5 e6 11. b4 b6 12. cxb6 Rxb6 13. c3 Be7 14. Ne2
O-O 15. O-O Rc8 16. e4 Qc7 17. exd5 Rd6 18. c4 Qxc4 19. Rac1 Qa6 20. b5 Qb7 21.
Rc6 Rxd5 22. Qc2 Rc5 23. Rxc8+ Qxc8 24. Qb3 Bd8 25. a4 Bb6 26. g3 Rc2 27. Qd3
Qc5 28. Qe4 g6 29. Qf3 Qc4 30. a5 Bc5 31. b6 axb6 32. axb6 Qxe2 33. Qxe2 Rxe2
34. b7 Rb2 35. Rc1 Bxf2+ 0-1

[Event "19. Open de la Constitución 2017"]
[Site "San Sebastian de los Reyes ES"]
[Date "2017.12.10"]
[Round "9.9"]
[White "Pastor Alonso De Prado, Alberto"]
[Black "Vazquez Gonzalez, Francisco"]
[Result "1/2-1/2"]
[WhiteElo "2166"]
[BlackElo "1931"]
[PlyCount "97"]
[EventDate "2017.12.02"]
[EventType "swiss"]
[EventRounds "9"]
[EventCountry "ESP"]
[SourceTitle "Ajedrez en Madrid"]
[Source "lmi"]
[SourceDate "2017.12.02"]
[SourceVersion "1"]
[SourceVersionDate "2017.12.16"]
[SourceQuality "1"]

1. e4 e5 2. Nf3 Nc6 3. Nc3 Nf6 4. Bb5 Bc5 5. Nxe5 Nxe5 6. d4 Bb4 7. dxe5 Nxe4
8. Qd4 Nxc3 9. bxc3 Ba5 10. Ba3 Qg5 11. Rd1 c6 12. Bd3 Bb6 13. Qd6 Bd8 14. O-O
Be7 15. Qxe7+ Qxe7 16. Bxe7 Kxe7 17. f4 h6 18. c4 b6 19. a4 Rd8 20. a5 d5 21.
cxd5 Rxd5 22. axb6 axb6 23. Be4 Rxd1 24. Rxd1 Bd7 25. f5 Ra4 26. Bd3 Rf4 27.
Ra1 Bxf5 28. g3 Bxd3 29. gxf4 Bxc2 30. Ra6 g5 31. Rxb6 Be4 32. f5 Bxf5 33. Rxc6
h5 34. Rf6 Be6 35. Kf2 Kf8 36. Ke3 Kg7 37. Kd4 h4 38. Ke4 Kh7 39. Kd4 Kg7 40.
Kc5 Kh7 41. Kd6 Kg7 42. Ke7 g4 43. Ke8 h3 44. Ke7 g3 45. hxg3 h2 46. Rf1 Bd5
47. Rd1 h1=Q 48. Rxh1 Bxh1 49. e6 1/2-1/2

[Event "19. Open de la Constitución 2017"]
[Site "San Sebastian de los Reyes ES"]
[Date "2017.12.10"]
[Round "9.10"]
[White "Largo Barbero, Benito"]
[Black "Rodrigo Yanguas, Maria"]
[Result "0-1"]
[WhiteElo "1925"]
[BlackElo "2071"]
[PlyCount "128"]
[EventDate "2017.12.02"]
[EventType "swiss"]
[EventRounds "9"]
[EventCountry "ESP"]
[SourceTitle "Ajedrez en Madrid"]
[Source "lmi"]
[SourceDate "2017.12.02"]
[SourceVersion "1"]
[SourceVersionDate "2017.12.16"]
[SourceQuality "1"]

1. d4 Nf6 2. Bf4 e6 3. Nf3 c5 4. c3 b6 5. e3 Bb7 6. Bd3 Be7 7. Nbd2 cxd4 8.
exd4 O-O 9. Qe2 d6 10. h4 Nbd7 11. Rh3 Re8 12. O-O-O Qc7 13. Bc2 Bf8 14. Bg5 e5
15. dxe5 dxe5 16. Bxf6 Nxf6 17. g4 b5 18. h5 e4 19. Nd4 b4 20. c4 Qf4 21. g5
Qxg5 22. Kb1 Qg4 23. Qe3 Bd6 24. Rhh1 Bf4 25. Qb3 Bxd2 26. Rhg1 Qf4 27. Ne2 Qh6
28. Ng3 Re5 29. Qa4 a5 30. a3 bxa3 31. Qxa3 Bb4 32. Qa4 Rc8 33. Ne2 Bc6 34. Qb3
Rxh5 35. Nd4 Bd7 36. Qg3 Bf8 37. Ne2 Bg4 38. Rde1 Rh3 39. Qe5 Qh5 40. Qd4 Bc5
41. Qd2 Bxe2 42. Rxe2 Rh1 43. Ree1 Rxg1 44. Rxg1 Bf8 45. Qd4 Qh2 46. Rg3 Kh8
47. Ka2 Qh5 48. Qc3 Qc5 49. Bb3 a4 50. Bxa4 Qxc4+ 51. Qxc4 Rxc4 52. Bb3 Rc7 53.
Bd1 h5 54. Rb3 Kh7 55. Rb8 Bd6 56. Rd8 Be5 57. b4 Rd7 58. Rxd7 Nxd7 59. Bxh5 g6
60. Be2 Bd4 61. f3 e3 62. Kb3 Nb6 63. Kc2 Nd5 64. Kd3 Bb6 0-1

[Event "19. Open de la Constitución 2017"]
[Site "San Sebastian de los Reyes ES"]
[Date "2017.12.10"]
[Round "9.11"]
[White "Vazquez Gonzalez, Jesus"]
[Black "Cardenas Serrano, Sergio"]
[Result "1/2-1/2"]
[WhiteElo "1943"]
[BlackElo "2123"]
[PlyCount "63"]
[EventDate "2017.12.02"]
[EventType "swiss"]
[EventRounds "9"]
[EventCountry "ESP"]
[SourceTitle "Ajedrez en Madrid"]
[Source "lmi"]
[SourceDate "2017.12.02"]
[SourceVersion "1"]
[SourceVersionDate "2017.12.16"]
[SourceQuality "1"]

1. e4 c5 2. Nc3 Nc6 3. a3 Nf6 4. Bc4 e6 5. d3 d5 6. Bb5 d4 7. Bxc6+ bxc6 8.
Nce2 e5 9. Nf3 Qc7 10. Ng3 Be7 11. O-O O-O 12. h3 h6 13. b3 Re8 14. Bd2 a5 15.
a4 Bf8 16. Nh4 g6 17. Qc1 Kh7 18. f4 Bg7 19. f5 Qe7 20. Qe1 g5 21. Nf3 Qc7 22.
Nh2 Rh8 23. Ng4 Nxg4 24. hxg4 f6 25. Kf2 Bd7 26. Nh5 Be8 27. Rh1 Bxh5 28. Rxh5
Kg8 29. Qe2 Kf7 30. Rah1 Qd8 31. Ke1 Qb6 32. R1h3 1/2-1/2

[Event "19. Open de la Constitución 2017"]
[Site "San Sebastian de los Reyes ES"]
[Date "2017.12.10"]
[Round "9.12"]
[White "Anton Quevedo, Andrea"]
[Black "Chidichimo, Pedro Jose Maria"]
[Result "0-1"]
[WhiteElo "1994"]
[BlackElo "1791"]
[PlyCount "108"]
[EventDate "2017.12.02"]
[EventType "swiss"]
[EventRounds "9"]
[EventCountry "ESP"]
[SourceTitle "Ajedrez en Madrid"]
[Source "lmi"]
[SourceDate "2017.12.02"]
[SourceVersion "1"]
[SourceVersionDate "2017.12.16"]
[SourceQuality "1"]

1. e4 d6 2. d4 Nf6 3. Nc3 Nbd7 4. Nf3 e5 5. h3 Be7 6. Be3 c6 7. Be2 Qc7 8. a4
a5 9. O-O h6 10. Qd2 g5 11. Nh2 Nf8 12. h4 gxh4 13. f4 Rg8 14. fxe5 dxe5 15.
Kh1 h3 16. Rf2 hxg2+ 17. Rxg2 Rxg2 18. Kxg2 h5 19. Rf1 Ng6 20. Bg5 Qd6 21. Nf3
Bg4 22. Nxe5 Nxe5 23. dxe5 Qxe5 24. Bf4 Qe6 25. e5 Bh3+ 26. Kh2 Bxf1 27. Bxf1
Ng4+ 28. Kh1 Nxe5 29. Qh2 Ng6 30. Bc7 Qe1 31. Qh3 Qh4 32. Qxh4 Nxh4 33. Be2 Nf5
34. Ne4 Kd7 35. Bb6 Bd8 36. Bf2 Be7 37. Bb6 Ke6 38. Bc7 Bd6 39. Ng5+ Kd7 40.
Bxd6 Nxd6 41. Nf3 Re8 42. Bd3 Ne4 43. Kg2 Rg8+ 44. Kh2 Nd6 45. Kh3 Ke6 46. b3
Nf5 47. Kh2 Rg7 48. c3 h4 49. Be4 Kf6 50. b4 axb4 51. cxb4 Rg4 52. Nd2 Nd6 53.
Bc2 Rxb4 54. Kh3 Rb2 0-1

[Event "19. Open de la Constitución 2017"]
[Site "San Sebastian de los Reyes ES"]
[Date "2017.12.10"]
[Round "9.14"]
[White "Rodriguez Garcia, Alberto"]
[Black "Garcia Prados, David"]
[Result "1-0"]
[WhiteElo "1727"]
[BlackElo "1953"]
[PlyCount "109"]
[EventDate "2017.12.02"]
[EventType "swiss"]
[EventRounds "9"]
[EventCountry "ESP"]
[SourceTitle "Ajedrez en Madrid"]
[Source "lmi"]
[SourceDate "2017.12.02"]
[SourceVersion "1"]
[SourceVersionDate "2017.12.16"]
[SourceQuality "1"]

1. d4 Nf6 2. c4 e6 3. Nc3 b6 4. e4 Bb7 5. Bd3 Bb4 6. f3 Bxc3+ 7. bxc3 d6 8. Ne2
Nbd7 9. O-O h6 10. Ng3 Qe7 11. a4 a5 12. Ba3 c5 13. Qe2 e5 14. d5 O-O-O 15.
Rab1 h5 16. Bc1 Kb8 17. Nf5 Qf8 18. Bg5 Ka7 19. f4 Rb8 20. fxe5 Nxe5 21. Nxg7
Nfg4 22. Nf5 f6 23. Bh4 Ba6 24. Bg3 Rb7 25. h3 h4 26. Bxh4 Nxd3 27. Qxg4 Bxc4
28. Qg3 Ne5 29. Rf2 Bd3 30. Re1 Rbh7 31. Rf4 Ba6 32. Ne3 Nd3 33. Rxf6 Qb8 34.
Ref1 Rxh4 35. Rf7+ Ka8 36. R1f6 Rxe4 37. Qg7 Rhe8 38. Nf5 Ne5 39. Rf8 Nc4 40.
R8f7 Bc8 41. Rc7 Bxf5 42. Rff7 Re1+ 43. Kh2 R1e7 44. Rcxe7 Rxe7 45. Rxe7 Ne5
46. h4 Be4 47. h5 Qc8 48. h6 Ng4+ 49. Kg1 Nxh6 50. Rxe4 Nf5 51. Qf7 Nh6 52. Qe8
Qxe8 53. Rxe8+ Kb7 54. Re6 Nf5 55. g4 1-0

[Event "19. Open de la Constitución 2017"]
[Site "San Sebastian de los Reyes ES"]
[Date "2017.12.10"]
[Round "9.15"]
[White "Llamas Martinez, Pablo"]
[Black "Bartolome Martin, Angel"]
[Result "0-1"]
[WhiteElo "1433"]
[BlackElo "1936"]
[PlyCount "98"]
[EventDate "2017.12.02"]
[EventType "swiss"]
[EventRounds "9"]
[EventCountry "ESP"]
[SourceTitle "Ajedrez en Madrid"]
[Source "lmi"]
[SourceDate "2017.12.02"]
[SourceVersion "1"]
[SourceVersionDate "2017.12.16"]
[SourceQuality "1"]

1. e4 c5 2. d4 cxd4 3. c3 d3 4. Bxd3 Nc6 5. Nf3 d6 6. O-O Nf6 7. Qe2 Bg4 8. h3
Bxf3 9. Qxf3 Ne5 10. Qe2 Nxd3 11. Qxd3 a6 12. Bf4 g6 13. Qe3 Bg7 14. Nd2 O-O
15. Bh6 Qc7 16. Bxg7 Kxg7 17. f4 Nd7 18. Kh1 Rac8 19. Nf3 Qc5 20. Qd4+ Kg8 21.
g4 Qxd4 22. Nxd4 Nc5 23. Kg2 Nxe4 24. Rfe1 d5 25. f5 Rfe8 26. Rad1 e6 27. fxe6
fxe6 28. h4 Kf8 29. g5 Ke7 30. Rf1 Rf8 31. Nb3 b6 32. Nd2 Nxd2 33. Rxd2 Rxf1
34. Kxf1 Rf8+ 35. Rf2 Rxf2+ 36. Kxf2 Kd6 37. Ke3 e5 38. Kd3 Kc5 39. b3 b5 40.
b4+ Kd6 41. Ke3 Ke6 42. a3 Kf5 43. Kf3 e4+ 44. Kg3 Ke5 45. Kg4 d4 46. cxd4+
Kxd4 47. h5 e3 48. hxg6 hxg6 49. a4 e2 0-1